zpět

Detail výsledku týmu

U Sester, Rychvald

Datum a čas kvízu

35 Celkem bodů Celkový počet nahraných bodů na tomto kvízu bez doplňovacích otázek.
3. Pořadí na kvízu Konečné umístění týmu na tomto kvízu.

Zaznamenané odpovědi

# Otázka Odpověď Body Výsledky
1. Aktuální popularity čínské zub... Jana Maláčová 0
2. Britský magazín Time Out každo... Bangkok 0
3. „Vaše učitelka angličtiny a vá... Taylor Swift; Travis Kelce 1
4. Ve čtvrtek sjel z výrobní link... Švédsko 1
5. Italskému fotografovi Rayovi G... Jasmine Paolini 1
6. Jak se nazývá věda, která se z... adiktologie 1
7. Na čem je závislý člověk, kter... na internetu a digitálních technologiích 1
8. Na fotografii vidíte asi nejzn... Katka, Helena Třeštíková 1
9. Při léčbě některých závislostí... C 1
10. Téma zakončíme u knih. Všechny... 1B 2A 3C 4D 1